000
00293nam a2200121Ia 4500
008
190216s9999||||xx |||||||||||||| ||und||
100
_a
Sreeraman C V
245
0
_a
Chakshu Sravanagalasthamam
260
_b
Calicut University Publications
300
_a
136
650
_a
Kathakal
942
_c
BK
999
_c
27816
_d
27816